[Event "Lippstadt 12th"]
[Site "Lippstadt"]
[Date "2004.07.30"]
[Round "7"]
[White "Jakubowski, Krzysztof"]
[Black "Wehmeier, Stefan"]
[Result "1-0"]
[WhiteElo "2508"]
[BlackElo "2364"]
[Annotator "Konikowski,J"]
[PlyCount "93"]
[EventDate "2004.07.24"]
[EventType "tourn"]
[EventRounds "9"]
[EventCountry "GER"]
[EventCategory "10"]
[SourceTitle "CBM 103"]
[Source "ChessBase"]
[SourceDate "2004.11.11"]
[SourceVersion "1"]
[SourceVersionDate "2004.11.11"]
[SourceQuality "1"]

1. d4 d5 2. c4 e6 3. Nf3 a6 4. cxd5 exd5 5. Nc3 c6 6. Bf4 Bd6 7. Bxd6 Qxd6 8.
e4 $146 {[%mdl 8]} (8. e3 Ne7 9. Bd3 (9. Be2 O-O 10. O-O Bf5 11. Ne5 Nd7 12. f4
f6 13. Nd3 Rfe8 14. Qd2 Nc8 15. Rae1 Qe7 16. g4 Bxd3 17. Bxd3 Nd6 18. f5 (18.
e4 $13) 18... Nb6 19. b3 Nb5 20. a4 Nxc3 21. Qxc3 Rad8 22. Rf4 Qd7 23. h4 $36 {
Maiwald,J-Lundgren,B/Cattolica 1992/}) 9... Bf5 10. Bxf5 Nxf5 11. Qb3 Qe7 12.
Na4 Nd6 13. Nb6 Ra7 14. Ne5 O-O 15. O-O f6 16. Nd3 Re8 17. Na4 Rd8 18. Ndc5 Nd7
19. Nxd7 Qxd7 20. Nc5 Qf7 21. a4 Re8 22. Rac1 $14 {Shneider,A-Lundgren,B/
Cattolica 1992/}) 8... dxe4 (8... Ne7 $5) 9. Nxe4 Qb4+ $2 (9... Qe7 $5 10. Qe2
Be6 (10... f5 11. Nd6+ Kd7 12. Nf7 $18) 11. Nc5 Nf6 12. O-O-O O-O (12... b6 13.
Nxe6 Qxe6 14. Qxe6+ fxe6 15. Re1 $16) 13. Re1 Re8 14. Ng5 Nbd7 15. Ncxe6 Qd6
16. Qe3 fxe6 17. Bc4 (17. Nxe6 Nf8 18. Bc4 Nd5 $19) 17... Nd5 18. Qg3 $14) 10.
Qd2 Qxd2+ 11. Nfxd2 (11. Kxd2 $5) 11... Nf6 (11... Ke7 12. Bc4 Nf6 13. Nxf6
Kxf6 14. Ne4+ Ke7 15. O-O-O Be6 16. Bxe6 fxe6 17. Rhe1 $16) 12. Nxf6+ gxf6 13.
Nc4 Ke7 14. d5 Ra7 15. Ne3 b5 16. O-O-O Rd8 17. Bd3 cxd5 18. Bxh7 d4 19. Nf5+
Bxf5 20. Bxf5 Rc7+ 21. Kd2 Rc5 22. Bd3 Nc6 23. Rc1 Kd6 24. Rxc5 Kxc5 25. h4 Kd6
26. h5 Ke7 27. Rh4 Ne5 28. b3 Kf8 29. f4 Nxd3 30. Kxd3 Kg7 31. g4 Kh6 32. a3
Rc8 33. Kxd4 $18 Rc1 34. Ke4 Rc3 35. Kf5 {[%cal Yg4g5]} Rf3 36. b4 a5 (36...
Kg7 37. Rh2 Kh6 38. Rd2 Kg7 39. Rd7 Rxa3 40. h6+ Kxh6 41. Rxf7 $18) 37. bxa5
Rxa3 38. Kxf6 Rxa5 39. g5+ Kh7 40. f5 {[%cal Yg5g6]} Kg8 41. g6 Ra6+ 42. Kg5
Ra8 43. Rb4 (43. h6 $18) 43... Rb8 44. f6 (44. h6 $18) 44... Kf8 45. h6 fxg6
46. h7 Kf7 47. Re4 1-0

[Event "BL2-West 9495"]
[Site "Germany"]
[Date "1995.??.??"]
[Round "9.6"]
[White "Konikowski, Jerzy"]
[Black "Meyer, Peter"]
[Result "1-0"]
[WhiteElo "2335"]
[BlackElo "2335"]
[Annotator "Konikowski,J"]
[PlyCount "89"]
[EventDate "1994.10.??"]
[EventType "team-tourn"]
[EventRounds "9"]
[EventCountry "GER"]
[SourceTitle "CBM 047"]
[Source "ChessBase"]
[SourceDate "1995.08.01"]
[SourceVersion "1"]
[SourceVersionDate "1995.08.01"]
[SourceQuality "1"]
[WhiteTeam "Dortmund Brackel"]
[BlackTeam "Plettenberg"]
[WhiteTeamCountry "GER"]
[BlackTeamCountry "GER"]

1. d4 d5 2. c4 e6 3. Nc3 c6 4. e4 dxe4 5. Nxe4 Bb4+ 6. Nc3 c5 (6... e5 7. dxe5
(7. Nf3 exd4 8. Nxd4 (8. Qxd4 Qxd4 9. Nxd4 Nf6 10. Bd3 O-O 11. O-O Rd8 12. Bf5
Bxf5 13. Nxf5 Nbd7 14. a3 Bf8 $10) 8... Bxc3+ 9. bxc3 c5 10. Nb5 Qxd1+ 11. Kxd1
Na6 12. Nd6+ Ke7 13. Nxc8+ Rxc8 14. Bd3 Nf6 15. Bg5 Nc7 16. Re1+ Ne6 17. Kc2 h6
$10) (7. a3 Ba5 8. dxe5 Qxd1+ 9. Kxd1 Bxc3 10. bxc3 Be6 11. f4 Nd7 12. Nf3 (12.
Rb1 $5) 12... Nb6 13. Nd4 Bxc4 14. Nf5 Bb3+ 15. Ke1 Ne7 $2 (15... Kf8 $5 $13)
16. Nxg7+ Kf8 17. Nh5 Rd8 18. Be3 Na4 19. Rb1 Be6 20. Rxb7 Nxc3 21. Bd2 Ne4 22.
Ba5 Rc8 23. Ba6 $16 {Manor-Dao Thien Hai/Budapest/1994/}) 7... Qxd1+ 8. Kxd1
Bf5 9. Nge2 Nd7 10. Ng3 Bg6 11. f4 h5 12. f5 Bh7 13. Nxh5 Nxe5 $13 {Todorovic})
(6... Nf6 7. Bg5 (7. Be3 O-O 8. Nge2 Nbd7 9. a3 Bd6 10. Ng3 e5 $10 {Rabar-Puc/
Jugoslawien/1949/}) (7. a3 Be7 (7... Bxc3+ 8. bxc3 O-O (8... e5 9. Nf3 e4 10.
Ne5 Qa5 11. Bd2 c5 12. Be2 Nbd7 13. Nxd7 Bxd7 14. O-O h6 15. a4 O-O 16. Qc2 Bf5
17. Be3 Rfd8 18. h3 Rac8 19. Rfb1 Qc7 20. Rb5 Nd7 21. Rab1 $14 {Meister-Kaiser/
1.Bundesliga/1988/}) 9. Nf3 c5 10. Be3 (10. Bd3 b6 (10... h6 11. Ne5 cxd4 12.
cxd4 b6 13. O-O Bb7 14. Ng4 Nc6 15. Be3 Rc8 16. Rc1 Nxg4 17. Qxg4 Ne5 18. dxe5
Qxd3 19. Rfd1 Qe4 20. Qg3 Rfd8 21. Bxh6 Rxd1+ 22. Rxd1 Qxg2+ 23. Qxg2 Bxg2 24.
Bg5 Rxc4 $10 {Groszpeter-Baschkow/Budapest/1992/}) 11. O-O Bb7 12. Bg5 Nbd7 13.
Ne5 Qc7 14. Re1 cxd4 15. Nxd7 Nxd7 16. cxd4 Rfe8 17. Qg4 Rac8 18. Bh6 g6 19. h4
Qd6 20. Rad1 Qxa3 21. Qg3 e5 22. dxe5 Nc5 23. Qg5 Ne6 24. Qf6 Rcd8 25. Be2 Rxd1
26. Rxd1 Qe7 27. Qxe7 Rxe7 28. Bg4 Bc6 29. Rd6 Be8 30. f4 Rd7 31. Rxe6 fxe6 32.
Bxe6+ Kh8 33. Bxd7 {1/2-1/2 Adorjan,A-Lukacs,P/Ungarn/1984/}) 10... Qa5 11. Qc2
cxd4 12. Bxd4 e5 13. Be3 Bf5 14. Qb2 Nc6 15. Be2 Ne4 16. Rc1 b6 17. O-O Rfd8
18. Qb5 Rac8 19. Qxa5 Nxa5 20. Nxe5 f6 21. Nf3 Nb3 22. Rc2 Ng3 {0-1
Klarius-Dempster/Fernpartie/1989/}) 8. Nf3 O-O 9. Bd3 b6 10. O-O Bb7 11. Qe2
Nbd7 12. Rd1 c5 13. dxc5 Bxc5 14. b4 Be7 15. Bb2 Qc8 16. Ng5 Qc6 17. f3 h6 18.
Nge4 a6 19. Rac1 Qc7 20. Nxf6+ Nxf6 21. Ne4 Nxe4 22. Bxe4 Bg5 23. Rc2 Bxe4 24.
Qxe4 Rad8 25. Re1 Qf4 26. Qxf4 Bxf4 27. g3 Bc7 28. f4 Rd3 29. Kg2 Rfd8 30. Ree2
{1/2-1/2 Baumann-Trabert/Novi Sad/1990/}) (7. Nf3 Nbd7 (7... h6 8. Bd3 Nbd7 9.
Bd2 Qc7 (9... c5 $5) 10. Qe2 a5 11. a3 Be7 12. O-O g5 13. b4 axb4 14. axb4 Rxa1
15. Rxa1 Bxb4 16. Nb5 cxb5 17. Bxb4 $16 {Galuszka-Dworzynski/Krakau/1950/}) 8.
Bd3 (8. a3 $5) 8... c5 9. Qa4 O-O 10. O-O Ba5 11. Ne2 (11. Be3 $142) 11... cxd4
12. b4 Bc7 13. Nfxd4 e5 14. Nb5 e4 15. Nxc7 $2 (15. Bc2 $1) 15... Nb6 16. Qb3
exd3 17. Nxa8 dxe2 18. Re1 Nxa8 19. Rxe2 Nb6 20. Bb2 Be6 21. Rd1 Qc7 22. Bxf6
gxf6 23. Qb2 Rd8 24. Rxd8+ Qxd8 25. Rd2 Qe7 $17 {Cernea-Sileikyte/Duisburg/
1992/}) 7... Bxc3+ 8. bxc3 Qa5 9. Nf3 Ne4 (9... Qxc3+ 10. Bd2 Qa3 11. Qb1 c5
12. dxc5 Nc6 13. Bd3 O-O 14. O-O Rd8 15. Bc2 Qxc5 16. Bg5 $36) 10. Bd2 Nd7 11.
Bd3 Nxd2 12. Qxd2 O-O 13. O-O b6 (13... e5 14. Qc2 h6 15. Rfe1 exd4 16. cxd4
$14) 14. Rfe1 Bb7 15. Ne5 Rfd8 16. Qc2 g6 17. h4 $1 c5 18. h5 Nf8 19. d5 $1
exd5 20. Nxf7 $1 Kxf7 21. hxg6+ hxg6 22. Bxg6+ Nxg6 23. Qf5+ Kg7 24. Re6 Nf8
25. Re7+ (25. Re7+ Kh6 26. g4 Qxc3 27. Qh5# {1-0 Lachmann-Simon/Biel/1973/}))
7. a3 (7. d5 Nf6 8. Bg5 exd5 9. cxd5 Qxd5 10. Bxf6 Qe6+ 11. Qe2 gxf6 12. O-O-O
Bxc3 13. bxc3 Qxe2 14. Bxe2 Nc6 15. Rd5 Be6 16. Rxc5 Bxa2 17. Bb5 O-O 18. Nf3
Rfc8 19. Rh5 Ne7 20. Kb2 Bc4 $10 {Vincent-Preissmann/Frankreich/1989/}) (7. Be3
Nf6 (7... Qa5 8. Nge2 Ne7 (8... cxd4 9. Bxd4 Nf6 10. a3 Be7 11. Ng3 (11. b4
$142 Qd8 12. Be3 $16) 11... Nc6 12. b4 Qc7 13. Be3 O-O 14. Be2 b6 15. O-O Bb7
16. Nb5 Qb8 17. Qc1 a6 18. Nc3 Qc7 19. Na4 Nd7 20. Rd1 Nce5 21. f3 a5 22. Qb2
axb4 23. axb4 Bf6 24. Qb3 b5 $1 25. cxb5 Bd5 26. Rxd5 exd5 27. Rc1 Nc4 28. Bxc4
dxc4 29. Rxc4 Qe5 30. Nc5 Nb6 31. Rc1 Nd5 32. Nge4 Nxe3 33. Qxe3 Ra1 34. Rf1
Rd8 35. Nxf6+ Qxf6 36. b6 Rxf1+ 37. Kxf1 Qxb6 $19 {Alechin-Junge/Salzburg/1942/
}) 9. d5 O-O 10. a3 Bxc3+ 11. Nxc3 Rd8 12. Bg5 f6 13. Bd2 Qb6 14. Qc2 exd5 15.
Nxd5 Qe6+ 16. Ne3 Nbc6 17. O-O-O Nd4 18. Qc3 Bd7 19. Bd3 Ba4 20. Rde1 Nb3+ 21.
Kb1 Qd7 22. Nd5 Nxd5 23. cxd5 Qxd5 24. Re3 c4 {0-1 Rabczewsky-Testa/Rom/1990/})
(7... cxd4 8. Bxd4 Nf6 9. a3 Be7 10. Nf3 O-O 11. Qc2 Nc6 12. Be3 Ng4 13. Bf4
Qa5 14. h3 Nge5 15. Nxe5 Nxe5 16. Be2 Ng6 17. Be3 Bd7 18. O-O Bc6 19. b4 (19.
Bd3 $5) 19... Qe5 20. Rfe1 Bxg2 $1 21. Kxg2 Nh4+ 22. Kf1 Qh2 23. Qe4 f5 24.
Qxe6+ Kh8 25. Bd3 Bf6 26. Rac1 Rae8 27. Qd5 f4 28. Qh5 Qxh3+ 29. Ke2 Rxe3+ $1
30. fxe3 Qxe3+ 31. Kf1 Qxd3+ 32. Ne2 Qh3+ {0-1 Raicevic-Ciric/Tuzla/1979/}) 8.
a3 Bxc3+ (8... Ba5 9. Nge2 (9. dxc5 Bxc3+ (9... Qxd1+ 10. Rxd1 Ne4 11. Nge2
Nxc3 12. Nxc3 Bxc3+ 13. bxc3 Bd7 14. Be2 Bc6 15. O-O Nd7 16. Rd2 O-O-O $13 {
Piskow-Drejew/Jurmala/1982/}) 10. bxc3 Qa5 11. Qb3 (11. Qc2 O-O 12. Bd3 Nbd7
13. Nf3 Nxc5 14. Bxc5 Qxc5 15. O-O b6 $13) 11... O-O 12. Be2 Na6 13. Nf3 Nd7
14. O-O Ndxc5 15. Qc2 Bd7 16. Ng5 f5 17. Bd4 Ba4 $132 {Riedel-Simon/Berlin/
1987/}) (9. Rc1 cxd4 10. Qxd4 Qxd4 11. Bxd4 Nc6 12. Bxf6 gxf6 13. b4 Bc7 14.
Nf3 Ke7 15. g3 Ne5 16. Nxe5 fxe5 17. Bg2 {1/2-1/2 Groszpeter-Lukacs,P/Ungarn/
1991/}) (9. d5 Na6 10. dxe6 Bxc3+ 11. bxc3 Bxe6 12. Bd3 Qa5 13. Ne2 O-O-O 14.
Qc2 Nb8 15. O-O Nbd7 $13 {Agrest-Smely/Minsk/1984/}) 9... cxd4 (9... Ne4 10.
Rc1 Nxc3 11. Nxc3 cxd4 12. Bxd4 O-O $13) 10. Bxd4 (10. Qxd4 Qxd4 11. Bxd4 Nc6
12. Be3 (12. Bxf6 $5 gxf6 13. b4 Bc7 14. O-O-O {mit unklarem Spiel}) 12... Ng4
13. Bc5 Nge5 14. Nd4 Bxc3+ 15. bxc3 Na5 16. Bb4 Nexc4 17. Nb5 Kd7 18. Rd1+ Kc6
19. a4 a6 20. Na3 Nxa3 21. Bxa5 b6 22. Bd3 bxa5 23. Be4+ Kc7 24. Bxa8 Bd7 25.
Be4 Bxa4 26. Ra1 Nc2+ 27. Bxc2 Bxc2 28. Rxa5 $18 {Guljew-Woltschin/Orel/1992/})
10... Bxc3+ 11. Nxc3 O-O 12. Be2 Qe7 13. Qc2 Nc6 14. Be3 Rd8 15. Rd1 $36 {
Landau-Mühring/Rotterdam/1934/}) 9. bxc3 Qa5 10. Bd2 Ne4 11. Qc2 Nxd2 12. Qxd2
cxd4 13. cxd4 Qxd2+ 14. Kxd2 Nc6 $10 {Euwe,M}) (7. Nf3 Ne7 (7... Nf6 8. Be2 (8.
Be3 Nc6 (8... cxd4 9. Nxd4 Bxc3+ (9... O-O 10. Be2 e5 (10... Bxc3+ $5) 11. Ndb5
Nc6 12. O-O Bf5 (12... a6 $5) 13. Nd5 Be7 14. Nxe7+ Qxe7 15. Qd6 Rfd8 $2 (15...
Rfe8 $142) 16. Qxe7 Nxe7 17. Nxa7 Ng4 18. Bxg4 Bxg4 19. Nb5 $16 {
Seirawan-Strauss/USA/1990/}) 10. bxc3 O-O 11. Be2 Qe7 12. O-O Rd8 {1/2-1/2
Seirawan-Ribli/Barcelona/1989/}) 9. Be2 Ng4 10. d5 Nxe3 11. fxe3 Ne7 12. e4 O-O
13. O-O exd5 14. cxd5 (14. Nxd5 $5) 14... Ng6 15. Qc2 Bg4 16. a3 Ba5 17. Na4
Rc8 18. Kh1 Bc7 19. Rad1 Bd6 20. Nc3 a6 21. h3 Bxf3 22. Rxf3 Nh4 23. Rf2 Qg5
24. Bg4 Rce8 25. Ne2 h5 26. Bf3 f5 $40 {Seirawan,Y-Georgiev,Kir/Brüssel/1992/})
(8. a3 Bxc3+ 9. bxc3 Qa5 10. Bd2 (10. Qc2 cxd4 11. Nxd4 Nc6 12. Bd2 O-O 13. Be2
e5 14. Nb5 Rd8 15. a4 a6 16. Na3 Bg4 17. f3 Bh5 18. O-O Qc5+ 19. Kh1 e4 $13 {
Cvitan-Sweschnikow/Tilburg/1993/}) 10... Ne4 11. Bd3 Nxd2 12. Qxd2 O-O (12...
cxd4 13. cxd4 Nc6 {1/2-1/2 Banas-Machulsky/Stary Smokovec/1986/}) 13. Bc2 cxd4
14. cxd4 Nc6 15. Be4 Bd7 16. Ne5 Qxd2+ 17. Kxd2 Nxe5 18. dxe5 Rac8 19. Bxb7
Rxc4 $10 {Bönsch-Knaak/Baden Baden/1992/}) 8... Nc6 9. a3 Ba5 (9... Bxc3+ $5)
10. dxc5 (10. Be3 Ne4 $13) 10... Qxd1+ 11. Bxd1 Ne4 12. Bd2 Bxc3 13. Bxc3 Nxc3
14. bxc3 Bd7 15. Rb1 O-O-O 16. Ng5 Ne5 17. Ne4 (17. Be2 $5) 17... Bc6 18. Nd6+
Kc7 19. O-O Rhf8 20. Bf3 Nxf3+ 21. gxf3 a6 22. Rfd1 Bxf3 $17 {Crouch-Sorokin/
Katowice/1992/}) 8. Be2 Nbc6 9. dxc5 Bxc3+ 10. bxc3 Qa5 11. Qb3 e5 12. O-O Bg4
13. h3 Bh5 14. Re1 O-O 15. Nd2 Bxe2 16. Rxe2 f5 17. Nf1 f4 18. Nd2 Rad8 19. Rb1
Rd7 20. Qc2 Nf5 21. Ne4 Qa6 22. Rd2 Rxd2 23. Bxd2 Na5 24. Qd3 Qg6 25. f3 Ne7
26. Qe2 Qe6 27. Be1 a6 28. Bf2 $16 {Sawon-Newerow/Nikolajew/1993/}) 7... Ba5 (
7... Bxc3+ 8. bxc3 Qa5 9. Bd2 Nf6 10. Bd3 Bd7 (10... O-O 11. Nf3 Nc6 12. O-O
Rd8 13. Qc2 b6 14. Rfb1 cxd4 $2 (14... Bb7 $142) 15. cxd4 Qh5 16. Rb5 $18 {
Romanischin-Sweschnikow/Frunze/1981/}) 11. Nf3 O-O 12. O-O Bc6 13. Ne5 Be4 14.
Qc2 Bxd3 15. Qxd3 Qc7 16. Bg5 Nbd7 17. f4 Rac8 18. Rac1 Qd6 $13 {Horber-Flear,
G/Brocco/1990/}) 8. Nf3 (8. Be3 Ne7 9. dxc5 Bxc3+ 10. bxc3 Qa5 11. Nf3 O-O 12.
Qc2 Nf5 13. Bf4 Qxc5 14. Bd3 h6 15. O-O Nc6 16. Rfe1 g5 17. Bc1 Bd7 18. Rb1 b6
19. Rb5 Qd6 $13 {Szeles-Halasz/Zalakaros/1988/}) 8... Nf6 (8... cxd4 9. Qxd4
Qxd4 10. Nxd4 Bxc3+ (10... Bd7 $5) 11. bxc3 Nf6 $2 (11... a6 $5) 12. Nb5 $1 Na6
13. Be3 Bd7 14. Nd6+ Ke7 15. Nxb7 Ng4 16. Bf4 e5 17. Bg3 Rab8 18. c5 Nc7 19.
Na5 f6 20. Be2 $16 {Gulko-Chenkin/Moskau/1992/}) 9. Be2 (9. Be3 Nc6 (9... cxd4
10. Nxd4 Ne4 11. b4 Nxc3 12. Qc2 Bc7 13. Qxc3 Be5 14. f4 Bf6 15. Rd1 O-O 16.
Qc2 Qe7 17. Nf3 b6 18. Bd3 g6 19. O-O Bb7 20. Be4 Rc8 21. Ne5 Bg7 22. c5 bxc5
23. Bxc5 Qc7 24. Bxb7 Qxb7 25. Nc4 Qc6 26. Ne5 Qb7 27. Nc4 Qc6 28. Ne5 {
1/2-1/2 Gulko,B-Polgar,Zsu/Aruba/1992/}) (9... Ne4 10. Qc2 Nxc3 11. bxc3 cxd4
12. Bxd4 O-O 13. Bd3 f5 $13 {Suetin-Flear/London/1990/}) 10. dxc5 Qxd1+ (10...
Bxc3+ 11. bxc3 Qa5 12. Qc2 Ng4 13. Qc1 O-O 14. Be2 Nxe3 15. Qxe3 Ne7 16. O-O
Nf5 17. Qe4 Qxc5 (17... Qxc3 18. c6 Nd6 19. Qe5 Qxe5 20. Nxe5 bxc6 21. Nxc6 Ba6
$13) 18. Rfd1 f6 19. Bd3 g6 20. h4 Ng7 $13 {Polgar,Zsu-Portisch,L/Budapest/
1993/}) 11. Rxd1 Ne4 12. Rc1 Nxc3 13. bxc3 e5 14. Nd2 Bf5 15. f3 O-O-O 16. Ne4
Bc7 17. Be2 Bg6 18. g4 f6 19. Kf2 h5 20. h3 hxg4 21. hxg4 Rxh1 22. Rxh1 Bxe4
23. fxe4 g5 24. Rh6 Rf8 25. Rh7 Ba5 26. Bd1 Rd8 27. Ba4 Rd7 28. Rh6 Bd8 29. Ke2
Kc7 30. Rh8 Be7 31. Re8 Bd8 32. Rh8 {1/2-1/2 Lerner-Lukacs,P/Polanica Zdroj/
1986/}) 9... Ne4 (9... cxd4 10. Qxd4 Qxd4 11. Nxd4 Ne4 12. Ndb5 a6 13. O-O Nxc3
14. Nxc3 Bxc3 15. bxc3 e5 16. f4 $13) 10. Bd2 Nxd2 11. Qxd2 cxd4 12. Nxd4 (12.
Qxd4 $5) 12... e5 13. Nb3 (13. Nf3 $5) 13... Qxd2+ 14. Kxd2 Bd8 15. Bf3 (15.
Nd5 $5) 15... Nd7 16. Kc2 O-O 17. Rhd1 (17. Rad1 $5) 17... Nf6 18. Nb5 Bf5+ 19.
Kc3 Ne4+ 20. Bxe4 Bxe4 21. f3 Bc6 22. Nd6 Bc7 (22... b6 $142) 23. Nc5 Bb6 24.
b4 $1 Bxc5 25. bxc5 Rfd8 26. Rab1 Kf8 $2 (26... f6 $8) 27. Re1 f6 28. Nxb7 Rd4
29. Nd6 Rd8 30. Re2 g6 31. Reb2 Ke7 32. Rb8 Rd1 33. Rxd8 Rxb1 34. Rh8 Rc1+ 35.
Kb4 Rb1+ 36. Kc3 Rc1+ 37. Kb4 Rb1+ 38. Ka5 Ra1 (38... Rg1 39. Nc8+ Ke6 40. Nxa7
$18) 39. Rxh7+ Ke6 40. Rxa7 Rxa3+ 41. Kb6 Ba4 (41... Rxa7 42. Kxa7 f5 43. Kb6
Ba8 44. Ne8 e4 45. Nc7+ Ke5 46. Nxa8 e3 47. c6 e2 48. c7 e1=Q 49. c8=Q Qb4+ 50.
Ka7 Qa3+ 51. Qa6 Qe7+ 52. Kb8 Qe8+ 53. Kb7 $18) 42. Nb5 Ra2 43. c6 Bb3 44. Rxa2
Bxa2 45. c7 1-0

[Event "Baku FIDE GP"]
[Site "Baku"]
[Date "2014.10.13"]
[Round "10"]
[White "Kasimdzhanov, Rustam"]
[Black "Grischuk, Alexander"]
[Result "0-1"]
[WhiteElo "2706"]
[BlackElo "2797"]
[Annotator "Krasenkow,M"]
[PlyCount "66"]
[EventDate "2014.10.02"]
[EventType "tourn"]
[EventRounds "11"]
[EventCountry "AZE"]
[EventCategory "21"]
[SourceTitle "CBM 163"]
[Source "ChessBase"]
[SourceDate "2014.11.11"]
[SourceVersion "1"]
[SourceVersionDate "2014.11.11"]
[SourceQuality "1"]

1. d4 d5 2. c4 e6 3. Nc3 c6 4. e3 Nd7 {This move has a certain drawback
compared to} (4... Bd6 {, which was examined in my theoretical survey in CBM
151}) 5. Qc2 Nh6 $146 ({The point is that to} 5... f5 {White replies} 6. cxd5
$1 cxd5 (6... exd5 7. Qxf5) 7. Nb5 {[%cal Rb5c7]} Bb4+ 8. Bd2 Bxd2+ 9. Kxd2 Rb8
10. Bd3 Ngf6 11. Nc7+ Kf7 12. Nf3 Ne4+ 13. Ke2 {- both kings are uncastled but
White controls the c-file and dark squares and therefore keeps the better
prospects.}) {With the text move Black wants to push ...f7-f5 after all 
(instead of transposing to a normal Anti-Meran with ...Ng8-f6); however, the
h6-knight is not placed perfectly.} 6. Bd2 (6. e4 {is met with} e5 $1 {but
still needs serious analysis: it leads to a tense fight in the centre after,
say,} 7. Nf3 (7. Bxh6 $5 exd4 8. Bd2 dxc3 9. Bxc3) 7... dxe4 8. Nxe4 f5 (8...
Nf5 9. dxe5 Nxe5 10. Nxe5 Qa5+ 11. Bd2 Qxe5 12. Bc3 Nd4 13. O-O-O $36) 9. Neg5
{etc., and Black's h6-knight is clearly misplaced.}) 6... f5 $5 7. cxd5 {
I don't like this move opening up Black's c8-bishop.} (7. O-O-O $5) (7. Nf3 $5)
7... exd5 8. Bd3 Bd6 $5 {A typical pawn sacrifice.} 9. O-O-O (9. Bxf5 Nxf5 10.
Qxf5 Nf6 11. Qd3 O-O {, and Black's domination on the light squares gives him
excellent compensation.}) 9... Nb6 10. h3 Be6 {Black prepares long castling,
not being willing to come under attack after the possible ...0-0 g2-g4!} 11.
Nf3 (11. g4 Qd7) (11. Nge2 $5 Qe7 {[%cal Ye8c8]} 12. f3 {[%cal Yg2g4] was an
interesting try (recommended by IM M.Notkin).}) 11... Qe7 12. Ne2 O-O-O 13. Nf4
Bd7 14. Ba5 (14. Ne5 $5 Kb8 $1 (14... Bxe5 $143 15. dxe5 Qxe5 16. Bc3 Qe7 17.
Bd4 $36 {[%csl Gd4]}) 15. Kb1 Bc8 {[%cal Yb6d7]}) 14... Kb8 15. Qb3 Bc7 16. Bc2
{Too slow.} ({It was better to play} 16. Bb4 Qf6 17. Ne5 {[%cal Ya2a4] after
all.}) 16... Nf7 17. Nd3 Bc8 18. Nc5 g5 $5 {[%mdl 128] Black starts his own
kingside counterplay.} 19. Kb1 Rde8 20. Rhe1 $6 (20. g3 $142 {(M.Notkin)} h5 (
20... f4 $6 21. exf4 gxf4 22. gxf4 {[%cal Rf3e5]} Bxf4 23. Bxb6 axb6 24. Qxb6)
21. h4 $1 g4 22. Ne1 {stopping Black's pawns, and the position remains equal.})
20... h5 21. Nd3 g4 $1 22. Ng1 (22. hxg4 hxg4 23. Nd2 Rh2 $17) (22. Nd2 gxh3
23. gxh3 Ng5 $36) 22... h4 23. Ne2 Rhg8 (23... g3 $1 {was already strong
enough:} 24. f4 (24. fxg3 Nc4 $36) 24... Qxe3 (24... Nc4 $143 25. Bxc7+ Qxc7
26. Ne5) 25. Ng1 Qxd4 26. Bc3 Qc4 27. Bxh8 Rxh8 {with two pawns for an
exchange and a clear advantage}) (23... Nc4 {was good, too.}) 24. a3 $6 (24.
Nef4 $1 {was a must.}) 24... g3 $1 {White's e3-pawn is his most vulnerable
point. Its collapse ruins his whole position.} 25. fxg3 (25. f4 Qxe3 26. Ng1
Qxd4 27. Ne5 Qxf4 28. Nxf7 Rxe1 29. Bxe1 Rf8 {(M.Notkin)} 30. Bd2 Qf2 31. Ng5
Nc4 32. N1f3 Qxg2 $19) 25... Nc4 $1 26. Bxc7+ Qxc7 27. gxh4 Nxe3 28. Ndf4 {
Desperation.} (28. Rc1 Nxg2) (28. Rd2 Rxg2 29. Ndf4 Rf2 30. Nd3 Nc4 $1 $19)
28... Nxd1 29. Rxd1 Nd6 30. Ka2 Nc4 31. Rd3 $2 {[%mdl 8192]} (31. Bd3 Ne3 32.
Rg1 {was the last chance to fight on although Black should eventually convert
his material advantage.}) 31... Rxg2 $1 32. Nxg2 Rxe2 33. Ne3 Qh2 0-1